00677nam a2200157Ia 45000010005000000080041000050200018000460430010000640410008000742450034000822600025001163000016001415200314001576500018004717000030004892151230305s2009 xx 000 0 und d a5051890015341 aen_UK ager 0aBlind sidebdie grosse Chance abWarner Bros,c2009 a1 Disco DVD aBasada en hechos reales. Michael Oher, un joven negro sin hogar, es acogido por una familia blanca, dispuesta a darle todo su apoyo para que pueda triunfar tanto como jugador de fútbol americano como en su vida privada. Por su parte, Oher también influirá con su presencia en la vida de la familia Touhy 0aFeature films aHancock, John L.,eAuthor